LEADER 01359nas 2200409 450 001 990003482870203316 005 20110202123144.0 011 $a0734-2101 035 $a000348287 035 $aUSA01000348287 035 $a(ALEPH)000348287USA01 035 $a000348287 100 $a20110113a19839999km-y-itay50------ba 101 0 $aeng 102 $aUS 110 $aagazz--|||| 200 1 $aJournal of vacuum science & technology. A: vacuum, surfaces and films$fAmerican Vacuum Society 207 $aA.1, n.1(1983)- 210 $aWashington$cAmerican Institute of Physics$d1983 215 $av.$cill.$d28 cm 326 $aBimestrale 430 1$1001000348285$12001$aJournal of vacuum science & technology 606 0 $aFisica tecnica$xPeriodici$2BNCF 676 $a621.05 712 02$aAmerican Vacuum Society 801 0$aIT$bsalbc$gISBD 912 $a990003482870203316 958 $aSCI$bPER IV$c1983-1992;$l1990; 959 $aSE 979 $aMANCUSO$b90$c20110113$lUSA01$h1157 979 $aMANCUSO$b90$c20110113$lUSA01$h1158 979 $aMANCUSO$b90$c20110127$lUSA01$h1110 979 $aMANCUSO$b90$c20110127$lUSA01$h1112 979 $aMANCUSO$b90$c20110202$lUSA01$h1231 979 $aMANCUSO$b90$c20110202$lUSA01$h1231 996 $aJournal of vacuum science & technology A: Vacuum, surfaces and films$9791402 997 $aUNISA LEADER 01753nam 22005655u 450 001 9910158690203321 005 20211006145159.0 010 $a9783318042344 010 $a331804234X 035 $a(CKB)3780000000101856 035 $a(OCoLC)1030788911 035 $a(SZ-BaSKA)221235 035 $a(MiAaPQ)EBC31866968 035 $a(Au-PeEL)EBL31866968 035 $a(EXLCZ)993780000000101856 100 $a20211006d1987 uy 0 101 0 $aeng 135 $aurunu||||| 181 $ctxt$2rdacontent 182 $cc$2rdamedia 183 $acr$2rdacarrier 200 10$aNutritional Disorders and Requirements / $f editor, G.H. Bourne 205 $a1st ed. 210 $aBasel : $cS. Karger, $d1987 215 $a1 online resource (XII + 272 pages) : $c 25 figures, 23 tables 225 1 $aIssn Series 311 08$a9783805545068 311 08$a3805545061 327 $a978-3-8055-4506-8_Cover -- 978-3-8055-4506-8_00I -- 978-3-8055-4506-8_001 -- 978-3-8055-4506-8_057 -- 978-3-8055-4506-8_092 -- 978-3-8055-4506-8_122 -- 978-3-8055-4506-8_186 -- 978-3-8055-4506-8_215 -- 978-3-8055-4506-8_267. 410 0$aIssn Series 606 $aNutrition 606 $aBiochemistry 606 $aMetabolic Diseases 606 $aMetabolism 606 $aNeurology 615 14$aNutrition 615 24$aBiochemistry 615 24$aMetabolic Diseases 615 24$aMetabolism 615 24$aNeurology 676 $a613.2 s 676 $a616.3/9 700 $aBourne$b G.H 701 $aBourne$b Geoffrey H$g(Geoffrey Howard),$f1909-1988.$063248 801 0$bUKSKG 801 1$bUKSKG 906 $aBOOK 912 $a9910158690203321 996 $aNutritional Disorders and Requirements$92856690 997 $aUNINA